Vida social e influencia cultural de los libreros de Bogotá, 1960-2007 (Registro nro. 6848)
[ vista simple ]
| 000 -LEADER | |
|---|---|
| fixed length control field | 01695cam a2200313 a 4500 |
| 003 - CONTROL NUMBER IDENTIFIER | |
| control field | OSt |
| 005 - DATE AND TIME OF LATEST TRANSACTION | |
| control field | 20200916101846.0 |
| 008 - FIXED-LENGTH DATA ELEMENTS--GENERAL INFORMATION | |
| fixed length control field | 130211s2012 ck ado r 000 0dspa d |
| 010 ## - LIBRARY OF CONGRESS CONTROL NUMBER | |
| LC control number | 2012463957 |
| 020 ## - INTERNATIONAL STANDARD BOOK NUMBER | |
| International Standard Book Number | 9789588433318 |
| 040 ## - CATALOGING SOURCE | |
| Original cataloging agency | DLC |
| Transcribing agency | CO-JMCR |
| Description conventions | rda |
| Modifying agency | CO-BoPUJ |
| 041 0# - LANGUAGE CODE | |
| Language code of text/sound track or separate title | spa |
| 082 04 - DEWEY DECIMAL CLASSIFICATION NUMBER | |
| Classification number | 070.5 |
| Item number | B486v |
| Edition number | 23 |
| 100 1# - MAIN ENTRY--PERSONAL NAME | |
| Personal name | Berdugo Cotera, Elber Enrique |
| Relator term | autor |
| 9 (RLIN) | 10256 |
| 245 10 - TITLE STATEMENT | |
| Title | Vida social e influencia cultural de los libreros de Bogotá, 1960-2007 |
| Statement of responsibility, etc. | Elber Berdugo Cotera, Alberto Mayor Mora |
| 250 ## - EDITION STATEMENT | |
| Edition statement | Primera edición |
| 260 ## - PUBLICATION, DISTRIBUTION, ETC. | |
| Place of publication, distribution, etc. | Bogotá : |
| Name of publisher, distributor, etc. | Universidad Autónoma de Colombia, |
| Date of publication, distribution, etc. | 2012. |
| 300 ## - PHYSICAL DESCRIPTION | |
| Extent | 198 páginas : |
| Other physical details | ilustraciones, cuadros, diagramas, fotos y gráficas a blanco y negro ; |
| Dimensions | 24 cm. |
| 504 ## - BIBLIOGRAPHY, ETC. NOTE | |
| Bibliography, etc. note | Incluye referencias bibliográficas. |
| 505 0# - FORMATTED CONTENTS NOTE | |
| Formatted contents note | Un marco teórico para el estudio de los libreros bogotanos entre 1960-2007. -- Una aproximación a los libreros de libros usados de Bogotá: análisis de entrevistas. -- Una aproximación a los libreros de libros nuevos de Bogotá: análisis de entrevistas. -- Nueve historias de libreros de Bogotá. -- Una familia de encuadernadores-libreros de Bogotá: los Martínez Leiva |
| 650 14 - SUBJECT ADDED ENTRY--TOPICAL TERM | |
| Topical term or geographic name entry element | Libreros |
| Geographic subdivision | Bogotá (Colombia) |
| Chronological subdivision | Siglo XX |
| 9 (RLIN) | 10257 |
| 650 24 - SUBJECT ADDED ENTRY--TOPICAL TERM | |
| Topical term or geographic name entry element | Librerías |
| Geographic subdivision | Bogotá (Colombia) |
| Chronological subdivision | Siglo XX |
| 9 (RLIN) | 10258 |
| 650 24 - SUBJECT ADDED ENTRY--TOPICAL TERM | |
| Topical term or geographic name entry element | Editores |
| Geographic subdivision | Bogotá (Colombia) |
| Chronological subdivision | Siglo XX |
| 9 (RLIN) | 10259 |
| 650 24 - SUBJECT ADDED ENTRY--TOPICAL TERM | |
| Topical term or geographic name entry element | Industrias y comercio del libro |
| Geographic subdivision | Bogotá (Colombia) |
| Chronological subdivision | Siglo XX |
| 9 (RLIN) | 10260 |
| 650 24 - SUBJECT ADDED ENTRY--TOPICAL TERM | |
| Topical term or geographic name entry element | Vida social y costumbres |
| Geographic subdivision | Bogotá (Colombia) |
| Chronological subdivision | Siglo XX |
| 9 (RLIN) | 10261 |
| 700 1# - ADDED ENTRY--PERSONAL NAME | |
| Personal name | Mayor Mora, Alberto |
| Relator term | autor |
| 9 (RLIN) | 10262 |
| 942 ## - ADDED ENTRY ELEMENTS (KOHA) | |
| Source of classification or shelving scheme | Dewey Decimal Classification |
| Koha item type | Books |
| Withdrawn status | Lost status | Source of classification or shelving scheme | Damaged status | Not for loan | Home library | Current library | Shelving location | Date acquired | Source of acquisition | Total Checkouts | Full call number | Barcode | Date last seen | Copy number | Price effective from | Koha item type |
|---|---|---|---|---|---|---|---|---|---|---|---|---|---|---|---|---|
| Dewey Decimal Classification | Biblioteca Pública José María del Castillo y Rada | Biblioteca Pública José María del Castillo y Rada | General Stacks | 04/15/2018 | Donación | 070.5 / B486v | 201809795 | 05/16/2024 | Ej.1 | 04/15/2018 | Books |